| 000 | 00940nam a22002417a 4500 | ||
|---|---|---|---|
| 999 |
_c1113 _d1113 |
||
| 003 | AR-CdUCM | ||
| 008 | 190226b ||||| |||| 00| 0 spa d | ||
| 020 | _a8440473672 | ||
| 040 |
_aMUNICIPALIDAD PROVINCIAL DEL CUSCO _cBIBLIOTECA MUNICIPAL DEL CUSCO |
||
| 082 |
_a209.22 / _bC73 |
||
| 100 |
_aComisión Pro-Regreso de San Francisco Solano a Montilla _94354 |
||
| 245 |
_aSolano 400 años Despues 1589/1989 : _bCrónica de una Visita / |
||
| 260 |
_aCórdoba : _bADISUR, _c1990. |
||
| 300 |
_a158 paginas ; _b93 fotografías a color. _c25 cm. |
||
| 505 | _aAsí empezó todo -- Un grupo de hombres empeñados en una tarea -- Elaboración del Proyecto -- Ciclo de conferencias -- Solano llega a Montilla... | ||
| 650 |
_aFidelidad divina _94355 |
||
| 650 |
_aFieles _94356 |
||
| 650 |
_aLos mandamientos _94357 |
||
| 650 |
_aParroqiales _94358 |
||
| 650 |
_aSagrada Reliquia _94359 |
||
| 942 |
_2ddc _cLIBROS |
||
| 945 |
_awnts _d2019-02-26 |
||